Matemática discreta / (Registro nro. 30614)

Detalles MARC
000 -LEADER
fixed length control field 00274nam a22000977a 4500
008 - FIXED-LENGTH DATA ELEMENTS--GENERAL INFORMATION
fixed length control field 240219b |||||||| |||| 00| 0 eng d
082 ## - DEWEY DECIMAL CLASSIFICATION NUMBER
Classification number 511 G17m EJ.2
100 10 - MAIN ENTRY--PERSONAL NAME
Personal name García Merayo, Félix
Relator term autor
9 (RLIN) 43441
245 ## - TITLE STATEMENT
Title Matemática discreta /
Statement of responsibility, etc. Félix García Merayo
942 ## - ADDED ENTRY ELEMENTS (KOHA)
Source of classification or shelving scheme Dewey Decimal Classification
Existencias
Withdrawn status Lost status Source of classification or shelving scheme Damaged status Not for loan Home library Current library Shelving location Date acquired Total Checkouts Full call number Barcode Date last seen Date last checked out Price effective from Non-public note Koha item type Public note
    Dewey Decimal Classification     Biblored Biblioteca Pública José María del Castillo y Rada General Stacks 02/19/2024 1 511 G17m EJ.2 35714002711139 02/26/2024 02/19/2024 02/19/2024 sucio general Books Material Interbibliotecario BibloRed